00658nam a2200205Ia 4500003000400000005001700004008004100021020001900062040000700081041000800088082001300096100002900109245006900138260004500207300000900252650003100261942001300292999001900305952012800324OSt20250918124846.0250729s2005 xx 000 0 und d a978-8171699315 cAL aeng a613 MURA aMurthy Krishna J9222718 aAdministration and organization of physical education and sports aNew DelhibCommonwealth Publishersc2005 a347p aPhysical Education9222719 2ddccBED c235580d235580 00104070aALbALd2025-07-29eSita Book Houseg180.00l0o613 MURApBED00899r2025-07-29 16:54:07v135.00w2025-07-29yBK